<?xml version="1.0" encoding="UTF-8"?>
<record
    xmlns:xsi="http://www.w3.org/2001/XMLSchema-instance"
    xsi:schemaLocation="http://www.loc.gov/MARC21/slim http://www.loc.gov/standards/marcxml/schema/MARC21slim.xsd"
    xmlns="http://www.loc.gov/MARC21/slim">

  <leader>00916nam a22002417a 4500</leader>
  <controlfield tag="003">OSt</controlfield>
  <controlfield tag="005">20200917135538.0</controlfield>
  <controlfield tag="008">200917s1996    ck a|||br|||| 00| 0 spa d</controlfield>
  <datafield tag="020" ind1=" " ind2=" ">
    <subfield code="a">9584206206</subfield>
  </datafield>
  <datafield tag="040" ind1=" " ind2=" ">
    <subfield code="a">CO-JMCR</subfield>
    <subfield code="c">CO-JMCR</subfield>
  </datafield>
  <datafield tag="041" ind1="1" ind2=" ">
    <subfield code="a">spa</subfield>
    <subfield code="h">eng</subfield>
  </datafield>
  <datafield tag="082" ind1="0" ind2="4">
    <subfield code="a">423 /  </subfield>
    <subfield code="b">D612m</subfield>
    <subfield code="2">23</subfield>
  </datafield>
  <datafield tag="110" ind1="1" ind2=" ">
    <subfield code="a">Disney Enterprises, Inc.</subfield>
    <subfield code="9">10375</subfield>
  </datafield>
  <datafield tag="245" ind1="1" ind2=" ">
    <subfield code="a">Magic english / </subfield>
    <subfield code="c">Disney Enterprise</subfield>
  </datafield>
  <datafield tag="260" ind1=" " ind2=" ">
    <subfield code="a">Bogot&#xE1; : </subfield>
    <subfield code="b">Planeta, </subfield>
    <subfield code="c">1996.</subfield>
  </datafield>
  <datafield tag="300" ind1=" " ind2=" ">
    <subfield code="a">158 p&#xE1;ginas : </subfield>
    <subfield code="b">ilustraciones a color ; </subfield>
    <subfield code="c">29 cm.</subfield>
  </datafield>
  <datafield tag="505" ind1="0" ind2=" ">
    <subfield code="a">The sea = El mar -- Let's travel = De viaje -- Colours = Colores -- Wild animals = Animales salvajes -- Funny faces = Caras divertidas -- Country life = En el campo -- Music = M&#xFA;sica -- Mountains = Monta&#xF1;as</subfield>
  </datafield>
  <datafield tag="546" ind1=" " ind2=" ">
    <subfield code="a">Texto en Espa&#xF1;ol e ingles.</subfield>
  </datafield>
  <datafield tag="650" ind1="2" ind2="4">
    <subfield code="a">Ingl&#xE9;s</subfield>
    <subfield code="9">10378</subfield>
  </datafield>
  <datafield tag="650" ind1="2" ind2="4">
    <subfield code="a">Aprendizaje de ingl&#xE9;s para ni&#xF1;os</subfield>
    <subfield code="9">10366</subfield>
  </datafield>
  <datafield tag="650" ind1="2" ind2="4">
    <subfield code="a">Curso de ingles para ni&#xF1;os </subfield>
    <subfield code="9">10377</subfield>
  </datafield>
  <datafield tag="942" ind1=" " ind2=" ">
    <subfield code="2">ddc</subfield>
    <subfield code="c">BK</subfield>
  </datafield>
  <datafield tag="999" ind1=" " ind2=" ">
    <subfield code="c">6856</subfield>
    <subfield code="d">6856</subfield>
  </datafield>
  <datafield tag="952" ind1=" " ind2=" ">
    <subfield code="0">0</subfield>
    <subfield code="1">0</subfield>
    <subfield code="2">ddc</subfield>
    <subfield code="4">0</subfield>
    <subfield code="7">0</subfield>
    <subfield code="a">CPL</subfield>
    <subfield code="b">CPL</subfield>
    <subfield code="c">CHILD</subfield>
    <subfield code="d">2018-04-15</subfield>
    <subfield code="e">Donaci&#xF3;n</subfield>
    <subfield code="l">9</subfield>
    <subfield code="o">423 /  D612m</subfield>
    <subfield code="p">201809496</subfield>
    <subfield code="r">2024-07-17 16:59:15</subfield>
    <subfield code="s">2024-07-17</subfield>
    <subfield code="t">V.3 / Ej.1</subfield>
    <subfield code="w">2018-04-15</subfield>
    <subfield code="y">BK</subfield>
  </datafield>
</record>
